Insurance Company Taglines and Quotes - Statistics

General Stats
  • This quiz has been taken 319 times
  • The average score is 6 of 9
Answer Stats
Hint Answer % Correct
GEICO 15 Minutes Could ____ You 15% or More on Car Insurance Save
98%
Allstate You're In Good _____ With Allstate. Hands
96%
Nationwide Nationwide is on Your ____. Side
96%
State Farm Like a good ________, State Farm is there. neighbor
84%
Gerber Life Insurance Give your _____ an advantage for life. child
64%
Lloyd's Life Insurance Cash if you die. Cash if you ____. don't
50%
MetLife Get Met. It ____. Pays
31%
Aflac ________ Over Forty Million People Worldwide Insuring
29%
Pacific Life The power to help you _______. succeed
12%
No matching quizzes found
Score Distribution
Percent of People with Each Score
Percentile by Number Answered
Your Score History
You have not taken this quiz